[Event "Campeonato Brasileiro Amador 2016 U2000"]
[Site "Esporte Clube Pinheiros"]
[Date "2016.05.26"]
[Round "2.19"]
[White "Lisboa Torres, Eduardo"]
[Black "Campos, Westerley Batista"]
[Result "1/2-1/2"]
[WhiteElo "1925"]
[BlackElo "1744"]
[PlyCount "65"]
[EventDate "2016.05.26"]

1. d4 d5 2. c4 dxc4 3. e3 Nf6 4. Bxc4 e6 5. Nf3 c5 6. O-O a6 7. a4 Be7 8. Nc3
Nc6 9. Qe2 O-O 10. Rd1 cxd4 11. Nxd4 Qc7 12. Nxc6 Qxc6 13. e4 b6 14. e5 Bb7 15.
f4 Bc5+ 16. Kh1 Ne4 17. Nxe4 Qxe4 18. Qxe4 Bxe4 19. Re1 Rfd8 20. Be3 Bd3 21.
Bxc5 bxc5 22. Rac1 Bxc4 23. Rxc4 Rd4 24. Rxc5 Rxa4 25. Rec1 g6 26. Rc8+ Rxc8
27. Rxc8+ Kg7 28. g3 Rb4 29. Ra8 Rxb2 30. Rxa6 h5 31. Ra3 Re2 32. Kg1 Rd2 33.
Rf3 1/2-1/2

[Event "Campeonato Brasileiro Amador 2016 U2000"]
[Site "Esporte Clube Pinheiros"]
[Date "2016.05.26"]
[Round "2.20"]
[White "Yoshioka, Andre"]
[Black "Aoyama, Edmundo"]
[Result "1-0"]
[WhiteElo "1882"]
[BlackElo "1797"]
[PlyCount "82"]
[EventDate "2016.05.26"]

1. d4 Nf6 2. c4 e6 3. g3 d5 4. Nf3 c6 5. Qc2 Be7 6. Bg2 O-O 7. Nbd2 b6 8. O-O
Bb7 9. e4 dxe4 10. Nxe4 Nbd7 11. Rd1 Rc8 12. Bf4 Re8 13. Ne5 Nf8 14. Ng5 Nh5
15. Nexf7 Qd7 16. Be4 Bxg5 17. Nxg5 h6 18. Nf3 Nxf4 19. gxf4 Qf7 20. Qd2 Red8
21. Ne5 Qh5 22. Bf3 Qh4 23. Qe3 Qf6 24. Be4 Rc7 25. Qg3 Nd7 26. Ng4 Qe7 27.
Nxh6+ Kf8 28. Ng4 Nf6 29. Nxf6 gxf6 30. Kh1 Ke8 31. d5 cxd5 32. cxd5 Qg7 33.
Qh3 Rd6 34. Rg1 Qf8 35. Rae1 Rg7 36. Qh5+ Kd8 37. Rxg7 Qxg7 38. Rg1 Qf8 39. Qh7
Rd7 40. Rg8 Rxh7 41. Rxf8+ Ke7 1-0

[Event "Campeonato Brasileiro Amador 2016 U2000"]
[Site "Esporte Clube Pinheiros"]
[Date "2016.05.26"]
[Round "2.21"]
[White "Arruda Filho, Ivo Pereira De"]
[Black "Camara, Jose Arruda"]
[Result "1/2-1/2"]
[WhiteElo "1827"]
[BlackElo "1878"]
[PlyCount "88"]
[EventDate "2016.05.26"]

1. Nf3 e6 2. d4 d5 3. Bf4 Nf6 4. e3 Be7 5. Bd3 O-O 6. O-O b6 7. Nbd2 Bb7 8. Rc1
Nbd7 9. Ne5 c5 10. c3 Rc8 11. Ndf3 h6 12. h3 c4 13. Bb1 b5 14. Nxd7 Qxd7 15.
Ne5 Qe8 16. Ng4 Nxg4 17. Qxg4 f5 18. Qg3 Kh8 19. Bc2 a5 20. Be5 Bf6 21. Bd1
Bxe5 22. Qxe5 Qg6 23. Kh2 Bc6 24. Rg1 Qf6 25. Qg3 b4 26. Bc2 f4 27. exf4 Qxf4
28. Qxf4 Rxf4 29. f3 Rb8 30. Rge1 Bd7 31. Kg3 Rff8 32. Rb1 Kg8 33. Bg6 Rf6 34.
Bc2 b3 35. axb3 cxb3 36. Bd3 a4 37. Ra1 Kf7 38. Rec1 Ke7 39. Kf2 Kd6 40. Re1
Re8 41. Re5 Ra8 42. Ra3 Raf8 43. Ra1 Ra8 44. Ra3 Raf8 1/2-1/2

[Event "Campeonato Brasileiro Amador 2016 U2000"]
[Site "Esporte Clube Pinheiros"]
[Date "2016.05.26"]
[Round "2.22"]
[White "Sato, Luiz Henrique Yuzo T"]
[Black "Pimentel, Rafael Favarin G"]
[Result "0-1"]
[WhiteElo "1407"]
[BlackElo "1963"]
[PlyCount "132"]
[EventDate "2016.05.26"]

1. d4 Nf6 2. Nf3 g6 3. Bf4 Bg7 4. e3 d6 5. Bc4 O-O 6. O-O Nh5 7. Bg5 Qe8 8. e4
e5 9. dxe5 dxe5 10. Nc3 c6 11. h3 Be6 12. Bb3 h6 13. Bh4 Nd7 14. Qe2 Nc5 15.
Bxe6 Nxe6 16. Rad1 Nhf4 17. Qe3 g5 18. Bg3 b6 19. Rd2 Qe7 20. Rfd1 Rad8 21. Ne2
Rxd2 22. Rxd2 Rd8 23. Bh2 Nc5 24. Ng3 Rxd2 25. Qxd2 Qd7 26. Qxd7 Nxd7 27. Nf5
Bf8 28. Kf1 f6 29. Ng1 Nc5 30. f3 h5 31. Ne2 Nxe2 32. Kxe2 Na4 33. b3 Nc3+ 34.
Kd3 Nxa2 35. c3 Nc1+ 36. Kc2 Ne2 37. g3 Bc5 38. Kd2 Ng1 39. Ne3 Nxf3+ 40. Ke2
Nxh2 41. Kf2 Bxe3+ 42. Kxe3 Nf1+ 43. Kf2 Nd2 44. Ke3 Nxb3 45. Kd3 Kf7 46. Kc2
Nc5 47. c4 Nxe4 48. g4 hxg4 49. hxg4 Ke6 50. Kd3 Nf2+ 51. Kc3 Nxg4 52. c5 bxc5
53. Kd3 Kd5 54. Kc3 e4 55. Kd2 Kd4 56. Ke2 Kc3 57. Kd1 Kd3 58. Ke1 e3 59. Kd1
c4 60. Ke1 c3 61. Kd1 e2+ 62. Ke1 Ne3 63. Kf2 Nc2 64. Kg2 e1=Q 65. Kh2 Ne3 66.
Kh3 Qh4# 0-1

[Event "Campeonato Brasileiro Amador 2016 U2000"]
[Site "Esporte Clube Pinheiros"]
[Date "2016.05.26"]
[Round "2.23"]
[White "Da Silva, Wagner Afonso"]
[Black "De Almeida, Guilherme Pereira"]
[Result "1/2-1/2"]
[WhiteElo "1979"]
[BlackElo "1838"]
[PlyCount "115"]
[EventDate "2016.05.26"]

1. d4 Nf6 2. c4 c5 3. d5 e5 4. Nc3 d6 5. e4 Nbd7 6. Bd3 Be7 7. Nge2 O-O 8. O-O
Ne8 9. f4 exf4 10. Bxf4 Bg5 11. Qd2 Bxf4 12. Rxf4 Ne5 13. Raf1 a6 14. Ng3 g6
15. Be2 Qg5 16. Qc1 Ng7 17. a4 h5 18. Rf6 Qxc1 19. Rxc1 Ne8 20. Rf2 Bg4 21. b3
Bxe2 22. Rxe2 Rb8 23. a5 b5 24. cxb5 axb5 25. a6 Nc7 26. Ra1 Rb6 27. a7 Ra8 28.
Rea2 Rb7 29. Nf1 b4 30. Nd1 Nb5 31. Nd2 Rbxa7 32. Rxa7 Rxa7 33. Rxa7 Nxa7 34.
Ne3 Nb5 35. Nec4 f6 36. Kf1 Nf7 37. Ke2 Na3 38. Kd3 Nxc4 39. Nxc4 Ne5+ 40. Nxe5
fxe5 41. h4 Kf7 42. Kc4 Kf6 43. Kb5 Kf7 44. Ka5 Ke7 45. Kb5 Kf6 46. Kc4 g5 47.
g3 gxh4 48. gxh4 Ke7 49. Kb5 Kd7 50. Ka4 Kc7 51. Ka5 Kb8 52. Ka4 Ka7 53. Kb5
Kb7 54. Ka5 Ka7 55. Kb5 Kb8 56. Kc4 Ka7 57. Kb5 Kb7 58. Ka5 1/2-1/2

[Event "Campeonato Brasileiro Amador 2016 U2000"]
[Site "Esporte Clube Pinheiros"]
[Date "2016.05.26"]
[Round "2.24"]
[White "Pritsopoulos, Constantino"]
[Black "Gomes, Carlos Henrique Cald"]
[Result "1-0"]
[WhiteElo "1954"]
[BlackElo "1835"]
[PlyCount "79"]
[EventDate "2016.05.26"]

1. e4 c6 2. d4 d5 3. exd5 cxd5 4. c4 Nf6 5. Nc3 e6 6. Nf3 Qc7 7. Nb5 Qa5+ 8.
Bd2 Qd8 9. Bf4 Bb4+ 10. Nd2 Na6 11. c5 O-O 12. Bd3 Ba5 13. a3 Bc7 14. Nxc7 Nxc7
15. b4 Bd7 16. a4 a6 17. O-O Bc6 18. Bd6 Re8 19. Qf3 Rc8 20. Rfe1 Ne4 21. Bxc7
Rxc7 22. Qe3 Nxd2 23. Qxd2 Qf6 24. b5 axb5 25. axb5 Bd7 26. Ra7 Bc8 27. Qe3
Rce7 28. Qe5 Qxe5 29. dxe5 f6 30. Kf1 fxe5 31. Rxe5 Rf7 32. Ke2 Ref8 33. f3 Rf4
34. Ke3 Rb4 35. g3 g6 36. f4 Rd8 37. h4 Re8 38. h5 Kg7 39. hxg6 hxg6 40. Rg5
1-0

[Event "Campeonato Brasileiro Amador 2016 U2000"]
[Site "Esporte Clube Pinheiros"]
[Date "2016.05.26"]
[Round "2.25"]
[White "Dos Reis, Leandro Aparecido C"]
[Black "Gomes, Marco Tulio Caldeira"]
[Result "1-0"]
[WhiteElo "1953"]
[BlackElo "1821"]
[PlyCount "113"]
[EventDate "2016.05.26"]

1. a3 Nf6 2. c4 e5 3. d3 c5 4. Nf3 Nc6 5. g3 Be7 6. Bg2 O-O 7. O-O d6 8. Nc3 h6
9. b3 Be6 10. Bb2 Qd7 11. Re1 Rfe8 12. e3 Rab8 13. d4 Bg4 14. dxe5 dxe5 15.
Qxd7 Nxd7 16. Nd5 Bf8 17. h3 Bh5 18. Nh4 Ne7 19. g4 Bg6 20. Nxe7+ Bxe7 21. Nxg6
fxg6 22. Red1 Red8 23. Rd5 Nb6 24. Rxd8+ Rxd8 25. Bxe5 Rd3 26. Rb1 Nd7 27. Bg3
b6 28. Be4 Rd2 29. Bxg6 Bf6 30. Bf5 Ne5 31. b4 cxb4 32. axb4 Kf8 33. c5 b5 34.
Be4 Ke7 35. Kf1 Rd8 36. Ra1 Rd7 37. Ra5 Nc4 38. Bd6+ Kd8 39. Rxb5 Nxd6 40. cxd6
Rxd6 41. Rb8+ Ke7 42. Rb7+ Rd7 43. Ke2 Rxb7 44. Bxb7 Kd6 45. Kd3 Be7 46. Bg2
Bd8 47. Ke4 Ke6 48. Bf1 Be7 49. Bc4+ Kf6 50. b5 Bc5 51. f4 Bb6 52. h4 Bc5 53.
Kf3 Be7 54. g5+ hxg5 55. hxg5+ Kg6 56. Kg4 Bc5 57. Bg8 1-0

[Event "Campeonato Brasileiro Amador 2016 U2000"]
[Site "Esporte Clube Pinheiros"]
[Date "2016.05.26"]
[Round "2.26"]
[White "Filgueiras, Nathan Felipe"]
[Black "Polonio, Rodolfo"]
[Result "0-1"]
[WhiteElo "1838"]
[BlackElo "1952"]
[PlyCount "58"]
[EventDate "2016.05.26"]

1. e4 c5 2. Nf3 Nc6 3. d4 cxd4 4. Nxd4 g6 5. Nc3 Bg7 6. Be3 Nf6 7. Nxc6 bxc6 8.
e5 Ng8 9. f4 f6 10. exf6 Nxf6 11. Be2 Rb8 12. Rb1 Qa5 13. O-O O-O 14. Bd4 c5
15. Bc4+ Kh8 16. Be3 d6 17. Qe1 Bf5 18. Bd3 Bxd3 19. cxd3 Ng4 20. Bd2 Bd4+ 21.
Kh1 Qa6 22. h3 Nf6 23. Rf3 e5 24. Qf1 Kg7 25. f5 d5 26. fxg6 hxg6 27. Nxd5 Nh5
28. Kh2 Qd6 29. g4 e4+ 0-1

[Event "Campeonato Brasileiro Amador 2016 U2000"]
[Site "Esporte Clube Pinheiros"]
[Date "2016.05.26"]
[Round "2.28"]
[White "Grillo, Carlos Henrique Gome"]
[Black "Passos Coutinho, Eduardo"]
[Result "1-0"]
[WhiteElo "1942"]
[BlackElo "1790"]
[PlyCount "121"]
[EventDate "2016.05.26"]

1. d4 Nf6 2. Nf3 e6 3. Bf4 b6 4. e3 Bb7 5. Nbd2 Be7 6. h3 O-O 7. Be2 d6 8. O-O
Nbd7 9. c3 c5 10. Nc4 Ne4 11. dxc5 Ndxc5 12. Qc2 d5 13. Ncd2 Bd6 14. Bxd6 Nxd6
15. Nb3 Nce4 16. a4 Qf6 17. Bd3 a6 18. Qe2 Rfc8 19. Nh2 Nc4 20. Nd4 Ne5 21. Ng4
Nxg4 22. Qxg4 Qg5 23. Bxe4 Qxg4 24. Bxh7+ Kxh7 25. hxg4 g6 26. f4 Kg7 27. g5
Rh8 28. Kf2 Rh5 29. Rh1 Rah8 30. Rxh5 Rxh5 31. Nf3 f6 32. gxf6+ Kxf6 33. g4 Rh8
34. Kg3 Bc6 35. Ne5 Be8 36. a5 bxa5 37. Rxa5 Bb5 38. Ra1 Rh7 39. Kg2 Rb7 40.
Rh1 Kg7 41. Kf3 Be8 42. Rh2 Bb5 43. g5 Be8 44. Ng4 Bc6 45. Kg3 Rb8 46. Nf6 Rh8
47. Rxh8 Kxh8 48. Kf2 Bb5 49. Ke1 Kg7 50. Kd2 Kf7 51. Ng4 Kf8 52. Ne5 Kg7 53.
b3 a5 54. e4 a4 55. bxa4 Bxa4 56. Ke3 Bb3 57. exd5 exd5 58. Kd4 Ba2 59. Kc5 Bb3
60. Kd6 Ba2 61. Nd7 1-0

[Event "Campeonato Brasileiro Amador 2016 U2000"]
[Site "Esporte Clube Pinheiros"]
[Date "2016.05.26"]
[Round "2.29"]
[White "Teshima, Ricardo Yoshida"]
[Black "Rapouso, Ricardo Luis Borba"]
[Result "0-1"]
[WhiteElo "1813"]
[BlackElo "1937"]
[PlyCount "46"]
[EventDate "2016.05.26"]

1. Nf3 d5 2. b3 Nf6 3. e3 g6 4. Bb2 Bg7 5. c4 O-O 6. d4 e6 7. Nc3 c6 8. Bd3
Nbd7 9. O-O Re8 10. cxd5 exd5 11. b4 Ne4 12. Na4 b5 13. Nc3 Qe7 14. a3 a5 15.
Qb3 axb4 16. axb4 Rxa1 17. Rxa1 Nxf2 18. Bc1 Nxd3 19. Nxd5 cxd5 20. Qxd3 Qxb4
21. Nd2 Rxe3 22. Qc2 Qxd4 23. Qxc8+ Re8+ 0-1

[Event "Campeonato Brasileiro Amador 2016 U2000"]
[Site "Esporte Clube Pinheiros"]
[Date "2016.05.26"]
[Round "2.30"]
[White "Jenidarchiche, Douglas Rodrigo"]
[Black "De Freitas, Rames Fialho"]
[Result "1-0"]
[WhiteElo "1792"]
[BlackElo "1935"]
[PlyCount "137"]
[EventDate "2016.05.26"]

1. e4 e6 2. d4 d5 3. Nc3 Bb4 4. e5 c5 5. a3 cxd4 6. Qxd4 Nc6 7. Bb5 Bf8 8. Nf3
Nge7 9. Bg5 Bd7 10. Qd3 h6 11. Bh4 g5 12. Bg3 Bg7 13. h3 Nf5 14. Bh2 a6 15. g4
Nfe7 16. Bxc6 Nxc6 17. Ne2 Qc7 18. O-O-O O-O-O 19. Ned4 Nxe5 20. Qe2 f6 21.
Rhe1 Rde8 22. Nxe5 fxe5 23. Nf3 Bb5 24. Qe3 d4 25. Qd2 Qc4 26. Kb1 Qd5 27. Bxe5
Bxe5 28. Nxe5 Rhf8 29. f3 Rf4 30. h4 Rd8 31. hxg5 hxg5 32. Qb4 Bc6 33. Ng6 Qxf3
34. Nxf4 gxf4 35. Rxd4 Rxd4 36. Qxd4 Qxg4 37. Rf1 e5 38. Qxe5 f3 39. Rd1 Qg8
40. Rh1 f2 41. Qf5+ Kb8 42. Rf1 Qc4 43. Rxf2 Be4 44. Qf4+ Kc8 45. Qf8+ Kc7 46.
Qf7+ Qxf7 47. Rxf7+ Kc6 48. b3 Kc5 49. Kb2 Kd4 50. Rd7+ Kc5 51. Kc3 Bc6 52. Rg7
Be4 53. Rg5+ Kb6 54. b4 Bc6 55. Kb3 Bf3 56. a4 Bd1 57. Rd5 Bg4 58. c4 Kc6 59.
a5 Bf3 60. Rf5 Be2 61. Rf6+ Kc7 62. Kc3 Bg4 63. Kd4 Bh3 64. Kc5 Bg4 65. Rf7+
Bd7 66. Rg7 Kc8 67. Kd6 Be8 68. Rg8 Kd8 69. Rh8 1-0

[Event "Campeonato Brasileiro Amador 2016 U2000"]
[Site "Esporte Clube Pinheiros"]
[Date "2016.05.26"]
[Round "2.31"]
[White "Sa, Antonio Villar Marqu"]
[Black "Reis, Virginia Lagrange M"]
[Result "1-0"]
[WhiteElo "1933"]
[BlackElo "1776"]
[PlyCount "71"]
[EventDate "2016.05.26"]

1. e4 c5 2. Nf3 g6 3. d4 cxd4 4. Qxd4 Nf6 5. e5 Nc6 6. Qa4 Nd5 7. Qe4 Nc7 8.
Bf4 Ne6 9. Bg3 Bg7 10. c3 Qb6 11. b3 O-O 12. Bc4 Nc5 13. Qe3 Re8 14. O-O d6 15.
exd6 Bf5 16. Ng5 e6 17. Nd2 Nd7 18. Rac1 Qxe3 19. fxe3 Nce5 20. e4 h6 21. Nxf7
Nxf7 22. exf5 exf5 23. Rfe1 Rxe1+ 24. Rxe1 Bf6 25. Bd5 Rd8 26. Bxb7 Bxc3 27.
Re2 Nfe5 28. Nc4 Nxc4 29. Bd5+ Kf8 30. bxc4 Bd4+ 31. Kf1 Re8 32. Bf2 Bc5 33.
Rxe8+ Kxe8 34. Bc6 Bxf2 35. Kxf2 Kd8 36. Bxd7 1-0

[Event "Campeonato Brasileiro Amador 2016 U2000"]
[Site "Esporte Clube Pinheiros"]
[Date "2016.05.26"]
[Round "2.32"]
[White "Martinez, Marcio Eduardo"]
[Black "Leon Lopes, Sergio Amadeus"]
[Result "1-0"]
[WhiteElo "1779"]
[BlackElo "1885"]
[PlyCount "49"]
[EventDate "2016.05.26"]

1. d4 Nf6 2. c4 e6 3. Nc3 Bb4 4. e3 b6 5. Bd3 Bb7 6. Nf3 O-O 7. O-O d5 8. a3
Be7 9. Qc2 dxc4 10. Bxc4 Bxf3 11. gxf3 Nbd7 12. e4 e5 13. d5 Nh5 14. Ne2 Bg5
15. Kh1 Qf6 16. Qc3 a5 17. Bxg5 Qxg5 18. Rg1 Qf6 19. Rg4 Nc5 20. Rag1 a4 21.
Rg5 Qh6 22. Qxe5 Nf6 23. Rxg7+ Qxg7 24. Rxg7+ Kxg7 25. Qg5+ 1-0

[Event "Campeonato Brasileiro Amador 2016 U2000"]
[Site "Esporte Clube Pinheiros"]
[Date "2016.05.26"]
[Round "2.33"]
[White "Almeida Junior, Waldomiro Carl"]
[Black "Sato, Claudio Takeshi"]
[Result "1/2-1/2"]
[WhiteElo "1872"]
[BlackElo "1464"]
[PlyCount "125"]
[EventDate "2016.05.26"]

1. Nf3 d5 2. d4 Bf5 3. c4 Nf6 4. Nc3 e6 5. e3 c6 6. Nh4 Bg4 7. f3 Bh5 8. g3 Bb4
9. Ng2 Ne4 10. Bd2 Nxd2 11. Kxd2 dxc4 12. Nf4 Bg6 13. Nxg6 hxg6 14. Bxc4 c5 15.
Bb5+ Nc6 16. Bxc6+ bxc6 17. Ke2 Qa5 18. Qa4 Qxa4 19. Nxa4 cxd4 20. exd4 Rd8 21.
Rad1 Be7 22. Ke3 Rh5 23. g4 Ra5 24. b3 Bf6 25. Rd3 Rad5 26. Rhd1 e5 27. dxe5
Bxe5 28. Rxd5 cxd5 29. f4 Bc7 30. b4 Ke7 31. Nc5 Bb6 32. Kd4 Kd6 33. Rc1 Re8
34. Kd3 Bxc5 35. Rxc5 Re4 36. Ra5 Rxb4 37. Rxa7 Rxf4 38. Ke3 g5 39. h3 d4+ 40.
Ke2 Ke6 41. a4 g6 42. a5 f5 43. Ra6+ Kf7 44. Rd6 fxg4 45. a6 gxh3 46. a7 d3+
47. Rxd3 Ra4 48. Rxh3 Kf6 49. Rh7 g4 50. Kf2 Ra3 51. Rb7 Kg5 52. Rh7 g3+ 53.
Kg2 Kg4 54. Rc7 g5 55. Rc4+ Kh5 56. Rc7 Kh4 57. Rc4+ g4 58. Rc7 Ra2+ 59. Kg1 g2
60. Rb7 Kh3 61. Rb3+ g3 62. a8=Q Rxa8 63. Rxg3+ 1/2-1/2

[Event "Campeonato Brasileiro Amador 2016 U2000"]
[Site "Esporte Clube Pinheiros"]
[Date "2016.05.26"]
[Round "2.34"]
[White "Caporale, Giuseppe Guido"]
[Black "Aparecido Silva, Haroldo"]
[Result "0-1"]
[WhiteElo "1738"]
[BlackElo "1865"]
[PlyCount "108"]
[EventDate "2016.05.26"]

1. Nf3 c5 2. c4 e6 3. Nc3 Nf6 4. g3 Be7 5. Bg2 d6 6. O-O Nbd7 7. Qc2 Rb8 8. b3
a6 9. a4 O-O 10. Bb2 b6 11. d4 Qc7 12. Rad1 Bb7 13. Rfe1 cxd4 14. Rxd4 d5 15.
cxd5 Bxd5 16. Qd1 Ba8 17. e3 Rfd8 18. Qe2 Bxf3 19. Bxf3 Ne5 20. Red1 Nxf3+ 21.
Qxf3 Rxd4 22. Rxd4 b5 23. axb5 axb5 24. Rf4 Qe5 25. Nd1 Qd6 26. Rd4 Qc7 27. Qe2
b4 28. Rc4 Qd7 29. e4 Rd8 30. Rd4 Qc7 31. Qd3 Rxd4 32. Bxd4 e5 33. Bb2 Qc6 34.
f3 Nd7 35. Kg2 h6 36. Ne3 Bf8 37. h4 Nc5 38. Qc4 Qd7 39. Nd5 Qe6 40. Bc1 Nd7
41. Bd2 Nb6 42. Nxb6 Qxb6 43. f4 Qd6 44. Be3 g6 45. Qd5 exf4 46. gxf4 Qf6 47.
h5 Qb2+ 48. Kf3 gxh5 49. Qxh5 Qxb3 50. Qd5 Qxd5 51. exd5 b3 52. Bd4 Bg7 53. Be5
Bxe5 54. fxe5 b2 0-1

[Event "Campeonato Brasileiro Amador 2016 U2000"]
[Site "Esporte Clube Pinheiros"]
[Date "2016.05.27"]
[Round "3.1"]
[White "Da Silva Junior, Sediney Mari"]
[Black "Silva, Vinicius Parente"]
[Result "1-0"]
[WhiteElo "1998"]
[BlackElo "1874"]
[PlyCount "51"]
[EventDate "2016.05.26"]

1. e4 c5 2. c3 Nf6 3. e5 Nd5 4. d4 cxd4 5. Nf3 e6 6. cxd4 d6 7. Bc4 Nc6 8. O-O
Be7 9. exd6 Qxd6 10. Nc3 Nxc3 11. bxc3 O-O 12. Ng5 h6 13. Ne4 Qc7 14. Bd3 b6
15. Qh5 f5 16. Ng3 Rf6 17. Re1 Bd7 18. Bb2 Be8 19. Qf3 Rd8 20. Rad1 Na5 21. Qe2
Ba4 22. Rc1 Nc6 23. Bc4 f4 24. Nh5 Rg6 25. Qe4 Rg5 26. Nxf4 1-0

[Event "Campeonato Brasileiro Amador 2016 U2000"]
[Site "Esporte Clube Pinheiros"]
[Date "2016.05.27"]
[Round "3.2"]
[White "Baba, Renato"]
[Black "Rocha, Arthur Ferreira"]
[Result "0-1"]
[WhiteElo "1858"]
[BlackElo "1962"]
[PlyCount "82"]
[EventDate "2016.05.26"]

1. e4 c5 2. Nc3 Nc6 3. g3 g6 4. Bg2 Bg7 5. d3 Nf6 6. Be3 d6 7. h3 O-O 8. Qd2
Rb8 9. f4 Bd7 10. Nge2 b5 11. O-O Qc8 12. Kh2 e6 13. e5 Nd5 14. Nxd5 exd5 15.
Bxd5 Bxh3 16. Rf2 Ne7 17. Bf3 d5 18. d4 c4 19. Qa5 Rd8 20. Qxa7 Nc6 21. Qa3 b4
22. Qa4 Ra8 23. Qxa8 Qxa8 24. Kxh3 Bf8 25. Rff1 Rd7 26. c3 Qa5 27. Bd2 Ra7 28.
f5 bxc3 29. Bxc3 Bb4 30. fxg6 hxg6 31. Bxb4 Nxb4 32. a3 Nc2 33. Rac1 Ne3 34.
Rfe1 Qd2 35. Rb1 Kg7 36. g4 Rb7 37. Ra1 Rxb2 38. a4 Nc2 39. Red1 Qe3 40. Kg3
Nxa1 41. Rxa1 Rxe2 0-1

[Event "Campeonato Brasileiro Amador 2016 U2000"]
[Site "Esporte Clube Pinheiros"]
[Date "2016.05.27"]
[Round "3.3"]
[White "Rodrigo Da Silva, Edson"]
[Black "Silva, Emerson Soares Da"]
[Result "1-0"]
[WhiteElo "1946"]
[BlackElo "1830"]
[PlyCount "117"]
[EventDate "2016.05.26"]

1. d4 Nf6 2. c4 g6 3. Nc3 Bg7 4. e4 d6 5. Be2 O-O 6. Bg5 h6 7. Be3 Nbd7 8. f3
c5 9. d5 a6 10. Nh3 Ne5 11. Nf2 b5 12. cxb5 axb5 13. Bxb5 Ba6 14. Bxa6 Rxa6 15.
Qe2 Rb6 16. Rc1 Qb8 17. Rc2 Rb4 18. a3 Rb7 19. O-O Rc8 20. Rd1 Ne8 21. Kh1 Nc7
22. Bc1 Nb5 23. Nxb5 Rxb5 24. f4 Nd7 25. Ng4 Rb3 26. Ne3 Nb6 27. h3 Bd4 28. Rd3
Na4 29. Nc4 Qb5 30. Rxb3 Qxb3 31. Na5 Qb6 32. Nc6 Rc7 33. e5 Rxc6 34. dxc6 Qxc6
35. exd6 Qxd6 36. Qe1 Qf6 37. b4 Qf5 38. Re2 e6 39. bxc5 Nxc5 40. Qd2 Nb3 41.
Qc2 Qb5 42. Bb2 Bc5 43. Re1 Nd4 44. Qc3 Qb3 45. Qxb3 Nxb3 46. Rd1 Be7 47. a4
Kf8 48. Be5 Ke8 49. Bc7 Nc5 50. a5 Na6 51. Bb6 h5 52. g4 hxg4 53. hxg4 f5 54.
gxf5 gxf5 55. Kg2 Bb4 56. Rd8+ Ke7 57. Ra8 Nc5 58. Bxc5+ Bxc5 59. a6 1-0

[Event "Campeonato Brasileiro Amador 2016 U2000"]
[Site "Esporte Clube Pinheiros"]
[Date "2016.05.27"]
[Round "3.4"]
[White "Dias, Joao Batista"]
[Black "Casarin, Luis Marcio Pinhatti"]
[Result "1/2-1/2"]
[WhiteElo "1921"]
[BlackElo "1819"]
[PlyCount "48"]
[EventDate "2016.05.26"]

1. g3 Nf6 2. Bg2 c5 3. c4 Nc6 4. Nf3 e6 5. Nc3 Be7 6. O-O O-O 7. e4 d6 8. d3 a6
9. Re1 Qc7 10. b3 Re8 11. Bb2 Rb8 12. a4 b6 13. d4 cxd4 14. Nxd4 Bb7 15. Nxc6
Qxc6 16. Qd3 Ng4 17. Qe2 Ne5 18. Nd1 Bf6 19. Rc1 Qc5 20. Ne3 Nd7 21. Bxf6 Nxf6
22. Qd3 Red8 23. Rcd1 h6 24. h3 Rd7 1/2-1/2

[Event "Campeonato Brasileiro Amador 2016 U2000"]
[Site "Esporte Clube Pinheiros"]
[Date "2016.05.27"]
[Round "3.5"]
[White "Ribeiro, Allysson"]
[Black "Milanez, Eduardo Medeiros"]
[Result "0-1"]
[WhiteElo "1814"]
[BlackElo "1885"]
[PlyCount "132"]
[EventDate "2016.05.26"]

1. d4 Nf6 2. c4 g6 3. Nc3 d5 4. cxd5 Nxd5 5. e4 Nxc3 6. bxc3 Bg7 7. Be3 O-O 8.
Qd2 c5 9. d5 Qa5 10. Rc1 Rd8 11. Nf3 Nc6 12. h3 b6 13. Bd3 Ba6 14. Bxa6 Qxa6
15. Qc2 Ne5 16. Nxe5 Bxe5 17. f4 Bg7 18. Kf2 Qc4 19. Rhd1 Rd7 20. Kf3 Rad8 21.
Qb3 Qxb3 22. axb3 e6 23. c4 exd5 24. Rxd5 Rxd5 25. cxd5 f5 26. Rd1 fxe4+ 27.
Kxe4 Kf7 28. g4 Re8+ 29. Kf3 Ke7 30. f5 Kd6 31. Bf4+ Kd7 32. Rd2 a5 33. h4 Re1
34. Bg5 gxf5 35. gxf5 Bd4 36. Bf4 Rb1 37. Rd3 b5 38. Bg3 b4 39. d6 a4 40. bxa4
b3 41. Kg4 b2 42. Rb3 Rg1 43. Rb7+ Kc8 44. d7+ Kd8 45. f6 Bxf6 46. Kf5 b1=Q+
47. Rxb1 Rxb1 48. Kxf6 Rb7 49. a5 Rxd7 50. Ke5 Kc7 51. Ke6+ Kc6 52. Bf2 Ra7 53.
Be1 c4 54. Kf6 Kd5 55. Kf5 Ra6 56. Bc3 Re6 57. h5 Re3 58. Bd2 Rf3+ 59. Kg5 c3
60. Bc1 Rf7 61. a6 Ke4 62. Kh6 Kd3 63. Bg5 Ke2 64. Bc1 c2 65. Bg5 Kd1 66. Be3
c1=Q 0-1

[Event "Campeonato Brasileiro Amador 2016 U2000"]
[Site "Esporte Clube Pinheiros"]
[Date "2016.05.27"]
[Round "3.6"]
[White "Deste, Dayan Kuhn"]
[Black "Hoshino, Karen"]
[Result "1-0"]
[WhiteElo "1966"]
[BlackElo "1744"]
[PlyCount "71"]
[EventDate "2016.05.26"]

1. e4 e6 2. d4 d5 3. Nc3 Bb4 4. e5 c5 5. a3 Bxc3+ 6. bxc3 Qa5 7. Bd2 Qa4 8. f4
cxd4 9. cxd4 Qxd4 10. Bd3 Nc6 11. Nf3 Qb6 12. Rb1 Qc7 13. O-O Nge7 14. a4 Bd7
15. Qe2 h6 16. Kh1 O-O 17. c3 Rac8 18. Nh4 Na5 19. f5 exf5 20. Bxf5 Nxf5 21.
Rxf5 Qc4 22. Qf2 Qd3 23. Re1 Nc4 24. Bxh6 gxh6 25. Rf3 Qd2 26. Qf1 h5 27. Rg3+
Kh7 28. Nf3 Qh6 29. Ng5+ Kh8 30. Nxf7+ Rxf7 31. Qxf7 Nxe5 32. Qxd5 Re8 33. h3
Nf7 34. Rxe8+ Bxe8 35. Qd4+ Kh7 36. Qe4+ 1-0

[Event "Campeonato Brasileiro Amador 2016 U2000"]
[Site "Esporte Clube Pinheiros"]
[Date "2016.05.27"]
[Round "3.7"]
[White "Bail, Ellen Larissa"]
[Black "Ikejiri, Daniel Yoshito"]
[Result "0-1"]
[WhiteElo "1851"]
[BlackElo "1965"]
[PlyCount "78"]
[EventDate "2016.05.26"]

1. d4 Nf6 2. c4 e6 3. Nc3 Bb4 4. Qc2 d5 5. e3 O-O 6. Bd3 c5 7. dxc5 Nbd7 8. Bd2
Nxc5 9. Be2 Bxc3 10. Bxc3 Nfe4 11. Bd4 Qa5+ 12. Bc3 Nxc3 13. Qxc3 Qxc3+ 14.
bxc3 Ne4 15. cxd5 Nxc3 16. dxe6 Bxe6 17. Bf3 Rab8 18. a4 Rfd8 19. Ne2 Nxe2 20.
Bxe2 Rbc8 21. O-O b6 22. a5 Rc2 23. Bd1 Rb2 24. axb6 axb6 25. Re1 g6 26. f4 b5
27. Bf3 b4 28. Rec1 Rdd2 29. Kf1 Bh3 30. gxh3 Rf2+ 31. Kg1 Rxf3 32. Rab1 Rff2
33. e4 Rg2+ 34. Kh1 Rxh2+ 35. Kg1 b3 36. h4 Rbg2+ 37. Kf1 b2 38. Re1 Rc2 39.
Kg1 Rxh4 0-1

[Event "Campeonato Brasileiro Amador 2016 U2000"]
[Site "Esporte Clube Pinheiros"]
[Date "2016.05.27"]
[Round "3.8"]
[White "Zeituni, Carlos Alberto"]
[Black "Hirota Da Silva, Nilton"]
[Result "0-1"]
[WhiteElo "1829"]
[BlackElo "1946"]
[PlyCount "98"]
[EventDate "2016.05.26"]

1. e4 c6 2. d4 d5 3. e5 Bf5 4. Nf3 e6 5. Bd3 Bxd3 6. Qxd3 Qa5+ 7. Bd2 Qa6 8.
Qxa6 Nxa6 9. O-O Ne7 10. Nc3 Nc8 11. a3 Nb6 12. b3 Be7 13. Ne2 O-O 14. Ba5 Rfc8
15. c4 Nd7 16. Nf4 b6 17. Bc3 Nc7 18. Rfc1 h6 19. Nd3 Rab8 20. Nb4 Bxb4 21.
Bxb4 c5 22. dxc5 bxc5 23. Ba5 Rxb3 24. Rcb1 dxc4 25. Nd2 Rxb1+ 26. Rxb1 Nxe5
27. Bc3 Nc6 28. Nxc4 Nd5 29. Bd2 Rb8 30. Rc1 Nd4 31. Kf1 Kh7 32. Ke1 Rb3 33. a4
Nb4 34. Bxb4 Rxb4 35. a5 f6 36. Nd6 Nb3 37. Rc3 Nxa5 38. Rxc5 Nb7 39. Rb5 Rxb5
40. Nxb5 a6 41. Nc7 Nc5 42. Kd2 e5 43. Kc3 Ne4+ 44. Kc4 Nxf2 45. Nxa6 Ng4 46.
Kd3 Nxh2 47. Nc5 f5 48. Ke2 Ng4 49. Nd7 Kg6 0-1

[Event "Campeonato Brasileiro Amador 2016 U2000"]
[Site "Esporte Clube Pinheiros"]
[Date "2016.05.27"]
[Round "3.10"]
[White "Da Silva, Mikhail Zoltan Iwano"]
[Black "Yoshioka, Andre"]
[Result "1/2-1/2"]
[WhiteElo "1939"]
[BlackElo "1882"]
[PlyCount "65"]
[EventDate "2016.05.26"]

1. e4 c5 2. Nf3 Nc6 3. d4 cxd4 4. Nxd4 Nf6 5. Nc3 e5 6. Ndb5 d6 7. Bg5 a6 8.
Na3 b5 9. Bxf6 gxf6 10. Nd5 f5 11. Bd3 Be6 12. Qh5 Rg8 13. g3 Rg4 14. f3 Rg6
15. f4 Rh6 16. Qf3 Bxd5 17. exd5 e4 18. Qe3 Ne7 19. Be2 Nxd5 20. Qd4 Ne7 21.
Nxb5 Nc6 22. Qd5 Nb4 23. Qxa8 Qxa8 24. Nc7+ Kd7 25. Nxa8 Kc6 26. Kd2 Kb7 27. a3
Nc6 28. Nc7 Kxc7 29. Bxa6 d5 30. c3 Na5 31. b4 Nb3+ 32. Ke2 Nxa1 33. Bb5
1/2-1/2